[Event "EU-Cup 18th"]
[Site "Kallithea"]
[Date "2002.09.23"]
[Round "2.1"]
[White "Filippov, Valerij"]
[Black "Borovikov, Vladislav"]
[Result "1-0"]
[WhiteElo "2615"]
[BlackElo "2570"]
[Annotator "Lutz,C"]
[PlyCount "119"]
[EventDate "2002.09.22"]
[EventType "team-swiss"]
[EventRounds "7"]
[EventCountry "GRE"]
[SourceTitle "CBM 092"]
[Source "ChessBase"]
[SourceDate "2003.02.06"]
[SourceVersion "1"]
[SourceVersionDate "2003.02.06"]
[SourceQuality "1"]
[WhiteTeam "Tomsk 400"]
[BlackTeam "Momot Alexander"]
[WhiteTeamCountry "RUS"]
[BlackTeamCountry "UKR"]

1. d4 d5 2. Nf3 Nf6 3. c4 c6 4. Nc3 e6 5. Bg5 h6 6. Bh4 dxc4 7. e4 g5 8. Bg3 b5
9. Be2 Bb7 10. h4 g4 11. Ne5 h5 12. O-O Nbd7 13. Qc2 Nxe5 14. Bxe5 Bg7 15. Rad1
O-O 16. Bg3 {Der kritische Zug an dieser Stelle, obwohl er bislang erst zwei
Mal gespielt wurde. Häufiger wurde 16.f3 gewählt, was jedoch meistens sofort
mit einem Remisschluss endete. Nach dem Textzug plant Weiß die Öffnung des
Königsflügels mittels f2-f3, Schwarz versucht sich mit ...e6-e5
dagegenzustemmen.} (16. f3 Nh7 $1 17. Bxg7 Kxg7 18. fxg4 Qxh4 19. gxh5 Ng5 20.
Qd2 Nh3+ 21. gxh3 Qg3+ 22. Kh1 Qxh3+ 23. Kg1 Qg3+ 24. Kh1 Qh3+ {1/2-1/2 Van
Wely,L-Lautier,J/Monte Carlo 2000/CBM 76/[Lutz] (24)}) 16... Nd7 (16... Nh7 $6
17. e5 f5 18. exf6 Qxf6 19. f3 Qf5 20. Qd2 Qg6 21. fxg4 hxg4 22. Qe3 Rf5 23.
Ne4 c5 $1 24. Nxc5 Bd5 25. a4 Raf8 26. axb5 Rf3 $1 27. gxf3 gxf3 28. Kh2 $13 {
1-0 Kramnik,V-Akopian,V/Dortmund 2000/CBM 78/[Lutz] (41)}) 17. f3 (17. e5 c5
18. Ne4 Bxe4 19. Qxe4 Qb6 20. d5 exd5 21. Qxd5 Rad8 22. Qe4 Nxe5 23. Bxe5 Qe6
24. f4 gxf3 25. Rxd8 Rxd8 26. Qxf3 Bxe5 $17 27. Qxh5 Bd4+ 28. Kh1 Rd5 29. Qf3
Re5 30. Bd1 Re3 31. Qa8+ Kg7 {0-1 Goldin,A-Khenkin,I/New York 2000/CBM 76 ext 
(31)}) 17... Qb6 18. Kh1 e5 19. dxe5 $5 $146 {Der erste neue Zug und
wahrscheinlich eine Verbesserung gegenüber 19.d5. Weiß hält die Stellung offen
und kann so besser gegen den schwarzen König spielen. Ob Weiß allerdings
objektiv Vorteil hat, steht auf einem anderen Blatt.} (19. d5 cxd5 20. Nxd5
Bxd5 21. Rxd5 Rad8 22. fxg4 hxg4 23. Bxg4 Nf6 $11 {1/2-1/2 Vallejo Pons,
F-Dreev,A/Biel 2002/CBM 91/[Lutz] (42)}) 19... Nxe5 20. Qc1 (20. fxg4 $5 hxg4
21. Bxe5 (21. Qc1 Rae8 {führt zur Partie.}) 21... Bxe5 22. Qc1 (22. Bxg4 Qe3)
22... Bg7 $132 {und der Bg7 bietet dem schwarzen König genügend Schutz, z.B.}
23. Bxg4 b4 24. Ne2 c5 25. Qxc4 Qh6 26. g3 Rae8 {mit gutem Spiel.}) 20... Rae8
21. fxg4 hxg4 22. Rd6 (22. Qg5 Re6) 22... Qc5 23. Rdf6 {Weiß greift kräftig an.
} Bc8 (23... Bxf6 $2 {kann sich Schwarz nicht erlauben, denn ohne den
schwarzfeldrigen Läufer steht der schwarze König ziemlich schutzlos:} 24. Rxf6
{(droht Qg5+)} Ng6 25. Qh6 {(droht h4-h5 nebst Bd6)} Qd4 (25... b4 26. h5 Nh8
27. Bd6) 26. Qg5 {nebst h4-h5}) 24. Qg5 Nd3 {Schwarz will sich durch
Damentausch entlasten, aber Weiß hat noch einen Pfeil im Köcher.} 25. Nd5 $5
Rxe4 $1 (25... cxd5 $2 26. Bxd3 cxd3 27. h5 $1 {, und gegen die Drohung h5-h6
ist Schwarz erstaunlich machtlos, z.B.} Kh7 28. h6 Bxf6 29. Rxf6) 26. Bxd3 cxd3
27. Rxc6 {So gewinnt Weiß die Dame, aber die Partie ist noch lange nicht
vorbei.} Qxc6 28. Nf6+ Qxf6 29. Rxf6 Re2 $2 {Dies sieht falsch aus.} (29... Be6
$13 {mit der Idee} 30. h5 $6 Kh7) 30. h5 d2 (30... Kh7 31. h6 Bh8 (31... Bxf6
$2 32. Qxf6 Rg8 33. Qxf7+ Kh8 34. Bh4 Re6 35. Bf6+ Rxf6 36. Qxf6+ Kh7 37. Qf7+
Kh8 38. h7 Rg7 39. Qf8+ $18) 32. Qd5 Bxf6 33. Qxd3+ Kxh6 34. Qxe2 $14) 31. Rd6
Kh7 32. h6 d1=Q+ 33. Rxd1 Bxh6 34. Qxb5 $16 {Weiß hat nun klaren Vorteil, da
bei Schwarz nicht nur der König, sondern auch der Damenflügel schwach ist.}
Rfe8 $6 35. Rf1 f5 36. Rxf5 $1 Bxf5 37. Qxf5+ Kg8 38. Qxg4+ $18 {Angesichts
des offenen schwarzen Königs sind die Dame und die zwei Bauern deutlich
stärker als die beiden schwarzen Türme.} Bg7 39. b4 R2e4 40. Qd7 R8e6 41. Bf4
Re7 42. Qd5+ Kh8 43. Bg5 R7e5 44. Qd2 Kh7 45. Qd3 Kg6 46. Be3 Kf7 47. Bc5 a5
48. a3 axb4 49. axb4 Re1+ 50. Kh2 Rh5+ 51. Kg3 Ree5 52. Be3 Bf8 53. Qc4+ Rd5
54. b5 Bd6+ 55. Kg4 Ke7 56. b6 Rb5 57. b7 Rhe5 58. Bf4 Rxb7 59. Bxe5 Bxe5 60.
Kf5 1-0

[Event "American Continental 2nd"]
[Site "Buenos Aires"]
[Date "2003.08.25"]
[Round "7"]
[White "Nakamura, Hikaru"]
[Black "Novikov, Igor A"]
[Result "0-1"]
[WhiteElo "2568"]
[BlackElo "2598"]
[Annotator "Lutz,C"]
[PlyCount "70"]
[EventDate "2003.08.17"]
[EventType "swiss"]
[EventRounds "11"]
[EventCountry "ARG"]
[SourceTitle "CBM 097"]
[Source "ChessBase"]
[SourceDate "2003.11.11"]
[SourceVersion "1"]
[SourceVersionDate "2003.11.11"]
[SourceQuality "1"]

1. d4 d5 2. c4 e6 3. Nc3 c6 4. Nf3 Nf6 5. Bg5 h6 6. Bh4 dxc4 7. e4 g5 8. Bg3 b5
9. Be2 Bb7 10. h4 g4 11. Ne5 h5 12. O-O Nbd7 13. Qc2 Nxe5 14. Bxe5 Rg8 {
Dieser Zug ist seltener als 14...Bg7, aber vielleicht nicht so schlecht.} (
14... Bg7) 15. Rad1 (15. Rfd1 $5 {kommt ebenfalls in Betracht}) (15. a4 $5 a6
16. Rfd1 Nd7 17. Bg3 Qb6 $13 {mit der Idee} 18. d5 Nc5) 15... Nd7 (15... Rg6
16. Bf4 $1 (16. Bg3 {Sakaev,K} Be7 $13) 16... Be7 17. g3 $1 (17. b3 cxb3 18.
axb3 Nd7 19. g3 e5 20. dxe5 Qb6 21. Be3 Qd8 22. Nxb5 cxb5 23. Bxb5 Bc8 24. Rd5
Rb8 25. Rfd1 Rb7 26. Rc1 Rxb5 27. Rxb5 Ba6 28. Rd5 Bb7 29. Rd4 Rc6 30. Qxc6
Bxc6 31. Rxc6 Qb8 $17 {0-1 Atalik,S-Maksimenko,A/Lvov 1999/EXT 2000 (63)})
17... a6 $2 (17... Qa5 $1 $13 {Sakaev,K}) 18. b3 $1 $16 {1-0 Sakaev,K-Khenkin,
I/Belgrade 1999/CBM 69/[Sakaev,K] (39)}) (15... Be7 16. Bxf6 $5 (16. Bf4) 16...
Bxf6 17. e5 Bxh4 18. Qh7 $36 {Sakaev,K}) 16. Bg3 e5 $146 {Schwarz strebt
direkt danach, die Lage im Zentrum zu klären.} (16... Qb6 17. b3 cxb3 18. axb3
a6 (18... Bb4 19. Na2 Be7 20. Nc3 Bb4 21. Na2 Be7 22. Nc3 {1/2-1/2 Notkin,
M-Galkin,A/Maikop 1998/CBM 66/[Lutz] (22)}) 19. d5 Bg7 20. dxe6 fxe6 21. Rd6
O-O-O 22. Rxe6 Qc5 23. Nd5 cxd5 24. Rc1 dxe4 25. Qd2 b4 26. Rxc5+ Nxc5 27. Qf4
Nxe6 28. Qb8+ Kd7 29. Qd6+ {1/2-1/2 Plachetka,J-Pcola,P/Nove Zamky 1999/EXT
2000 (29)}) (16... b4 17. Na4 Be7 18. Bxc4 Bxh4 19. d5 Bxg3 20. fxg3 Qe7 21.
dxe6 fxe6 22. Ba6 Bxa6 23. Qxc6 Bxf1 24. Qxa8+ Kf7 25. Rxf1+ Nf6 26. Qc6 Rg5
27. Qc4 Qd6 28. Qc1 Kg6 29. Qe3 Ra5 30. b3 Qe5 31. Qd3 Rb5 32. Kh1 Rb7 33. Nc5
Re7 34. Na6 Rh7 35. Kg1 h4 36. Nxb4 hxg3 37. Rxf6+ Kxf6 38. Nc2 Rc7 39. Qd8+
Kg7 40. Ne3 Rc1+ 41. Nf1 Qc5+ {0-1 Benkovic,P-Sedlak,N/Subotica 2000/EXT 2001 
(41)}) 17. dxe5 (17. d5 $5) 17... Qe7 18. a4 {Weiß muss jetzt schnell handeln,
da ansonsten Schwarz einfach den Pe5 zurückschlägt.} a6 19. axb5 axb5 20. Ra1
Rxa1 21. Rxa1 Bg7 22. Ra7 Nc5 23. Bf4 $2 {Die Umgruppierung des Läufer
erscheint mir falsch. Der starke schwarzfeldrige Läufer des Schwarzen bleibt
erhalten und die weiße Dame kommt nicht ins Spiel.} (23. Qc1 $5 {erscheint mir
besser, mit Kompensation für den Bauern nach z.B.} Bxe5 24. Qe3 Bxg3 25. Qxg3
Kf8 26. Qf4 Kg7 27. Qf5 $44) 23... Bxe5 24. Be3 Ne6 $17 {Der Ne6 und der Be5
kontrollieren jetzt eine große Menge an Feldern. Kompensation für den Bauern
kann ich nicht sehen.} 25. g3 Qc7 26. Qd2 Ke7 27. Nd5+ $2 {Ein erfolgloser
Versuch, noch einmal das Spiel zu verwickeln.} (27. Na4 $5 Ra8 (27... bxa4 28.
Qb4+ c5 29. Qxb7 Qxb7 30. Rxb7+ Kf6 31. Bxc4) 28. Rxa8 Bxa8 29. Nb6 Bb7 $17)
27... cxd5 28. exd5 Ra8 $1 $19 29. Qb4+ (29. Rxa8 Bxa8 30. dxe6 Qc6 $19) 29...
Bd6 30. Qxb5 Rxa7 31. Bxa7 Bxd5 32. Qxd5 Qxa7 33. Kg2 Qc5 34. Qb7+ Bc7 35. Qc8
Qe5 0-1

[Event "Chigorin Memorial 07th"]
[Site "St Petersburg"]
[Date "1999.11.05"]
[Round "4"]
[White "Solozhenkin, Evgeniy"]
[Black "Riazantsev, Alexander"]
[Result "0-1"]
[WhiteElo "2544"]
[BlackElo "2417"]
[Annotator "Lutz,C"]
[PlyCount "58"]
[EventDate "1999.11.02"]
[EventType "swiss"]
[EventRounds "9"]
[EventCountry "RUS"]
[SourceTitle "CBM 074"]
[Source "ChessBase"]
[SourceDate "2000.02.01"]
[SourceVersion "1"]
[SourceVersionDate "2000.02.01"]
[SourceQuality "1"]

1. d4 d5 2. Nf3 Nf6 3. c4 c6 4. Nc3 e6 5. Bg5 h6 6. Bh4 dxc4 7. e4 g5 8. Bg3 b5
9. Be2 Nbd7 10. d5 cxd5 11. exd5 Nb6 12. dxe6 Bxe6 13. Nxb5 $6 {Dieser Zug
läßt Schwarz "zu billig" davonkommen.} (13. Nd4 $1 Bb4 {1-0 Beliavsky,A-Bacrot,
E/Bugojno 1999/CBM 74_02/[Lutz] (58)} (13... a6 {1-0 Solozhenkin,E-Alavkin,A/
St Petersburg 1999/CBM 74_02/[Lutz] (35)})) 13... Bb4+ 14. Kf1 (14. Nc3 $5)
14... Qxd1+ 15. Rxd1 O-O $13 {Die Königstellung auf f1 hilft dem Weißen nicht.}
16. Nfd4 Nfd5 (16... Bd7 17. Bf3 Nfd5 18. Bd6 Bxd6 19. Nxd6 Rfd8 20. N4f5 Bxf5
21. Nxf5 Kf8 22. Nxh6 Nf4 23. Rb1 Rd2 $4 {1-0 Van Wely,L-Godena,M/FRA 1999/EXT
2000 (23)} (23... Rab8 $44) 24. Bxa8 $18) 17. h4 g4 18. h5 Bd7 19. Bd6 Bxd6 20.
Nxd6 c3 21. b3 $2 {Es ist etwas optimistisch, diesen Bauern leben zu lassen.} (
21. bxc3 $11) 21... f5 $1 22. a4 Rf6 23. Nc4 Nb4 24. Nxb6 axb6 25. Bc4+ Kh8 26.
Ne2 b5 27. axb5 c2 28. Rc1 Rd6 29. Nf4 $2 (29. g3) 29... Rd1+ (29... Rd1+ 30.
Ke2 Re8+ $19) 0-1

[Event "Bundesliga 0203"]
[Site "Germany"]
[Date "2003.02.09"]
[Round "11.1"]
[White "Aronian, Levon"]
[Black "Khenkin, Igor"]
[Result "1-0"]
[WhiteElo "2581"]
[BlackElo "2603"]
[Annotator "Lutz,C"]
[PlyCount "81"]
[EventDate "2002.10.19"]
[EventType "team-tourn"]
[EventRounds "15"]
[EventCountry "GER"]
[SourceTitle "CBM 094"]
[Source "ChessBase"]
[SourceDate "2003.05.26"]
[SourceVersion "1"]
[SourceVersionDate "2003.05.26"]
[SourceQuality "1"]
[WhiteTeam "Wattenscheid"]
[BlackTeam "Tegernsee"]
[WhiteTeamCountry "GER"]
[BlackTeamCountry "GER"]

1. d4 d5 2. Nf3 Nf6 3. c4 c6 4. Nc3 e6 5. Qb3 dxc4 6. Qxc4 b5 7. Qd3 Nbd7 8. e4
b4 9. Na4 Bb7 (9... Qa5 10. b3 c5 11. Bg5 Bb7 12. Bxf6 gxf6 13. Be2 (13. d5 $6
O-O-O $1 14. Be2 f5 15. exf5 Nb6 16. Nxb6+ Qxb6 17. O-O $6 Rxd5 18. Qe3 Rxf5
19. Ne5 $2 Rg8 20. g3 $2 Bg7 {0-1 Kortschnoj,V-Ivanchuk,V/Lvov 2000}) 13...
O-O-O 14. O-O Kb8 15. d5 Nb6 16. Nxb6 Qxb6 17. Rad1 Bh6 18. Qc4 Rd6 19. dxe6
Rxe6 20. Rd5 $1 Rhe8 21. Bd3 Rd8 22. Rd1 Red6 23. Be2 Bxd5 24. exd5 Qb7 25. Qh4
Bf8 26. Bc4 $44 {1-0 Karpov,A-Gelfand,B/Linares 1993 (45)}) 10. e5 Nd5 11. Bd2
(11. Ng5 $5 h6 12. Ne4 Qa5 13. b3 N5b6 14. Nac5 Nxc5 15. dxc5 Nd7 16. Qg3 Nxc5
17. Nd2 $6 Qd8 $1 18. Nc4 Qd4 19. Bb2 Qe4+ 20. Qe3 Qxe3+ 21. fxe3 a5 $17 {
0-1 Krasenkow,M-Kortschnoj,V/Halkidiki 2002/[Kortschnoj]}) 11... Qa5 12. b3 Be7
(12... c5 13. dxc5 Bxc5 14. Qb5 Qxb5 15. Bxb5 Be7 16. Rc1 a6 17. Bc6 Bxc6 18.
Rxc6 O-O 19. O-O g5 20. h3 Rfd8 21. Re1 h6 22. Kf1 Bf8 23. Rc4 Rdc8 24. Rec1
Rxc4 25. bxc4 N5b6 26. Nxb6 Nxb6 27. c5 Nd5 28. Ne1 a5 29. Nd3 Be7 30. Rc4 Kf8
31. a3 bxa3 32. Ra4 Ke8 33. Rxa3 a4 34. Bc1 Kd7 35. Ra1 Kc6 36. Ba3 Rb8 37. Ke1
{1/2-1/2 Portisch,L-Kuczynski,R/Budapest zt 1993}) 13. Nb2 N5b6 14. Qe4 Qd5 15.
Qg4 g6 16. Nd3 h5 17. Qf4 a5 18. Rc1 Rc8 19. Nc5 Nxc5 20. dxc5 Bxc5 21. Ng5 Rc7
22. Ne4 Be7 23. Be3 Nd7 24. Rd1 g5 25. Nxg5 Bxg5 26. Qxg5 Qxe5 27. h4 {Weiß
hat in der Eröffnungsphase einen Bauern gewonnen, für den er etwas
Kompensation (schwarzfeldrigen Läufer, rückständiger c-Bauer bei Schwarz) hat.
Die eigentlichen Komplikationen der Partie beginnen aber erst jetzt.} (27. Rxd7
Qxg5 28. Rxc7 Qe5 29. Rxb7 Qa1+ 30. Ke2 Qxa2+ 31. Kf3 Qxb3 $13) 27... c5 $6 {
Es wäre ungerecht, diesen Zug zu tadeln, denn das folgende Opfer war nur
schwer vorauszusehen.} ({Hätte Khenkin geahnt, was ihn erwartet, hätte er wohl
den Übergang ins Endspiel gewählt:} 27... Qxg5 28. hxg5 c5 29. Rh4 Ke7 {
Weiß hat dank des Läuferpaares Kompensation für den Bauern, aber nicht mehr.})
28. Rxd7 $1 {Ein verblüffendes Konzept. Aronian gibt die Dame im Tausch gegen
Turm, Läufer und Angriffchancen gegen den schwarzen König. Unabhängig davon,
dass der Überraschungseffekt natürlich für Aronian spricht, ist dieses Opfer
aber auch objektiv spielbar, denn in Verlustgefahr gerät Weiß wohl nicht.} Qxg5
29. Rxc7 Qd5 (29... Qe5 $5 30. Rxb7 Qa1+ 31. Ke2 Qxa2+ 32. Kf3 Qxb3 33. Rb8+
Ke7 34. Rxh8 Qd5+ 35. Kg3 Qe5+ 36. Kh3 Qxh8 37. Bxc5+ Kf6 $13) 30. Bb5+ Kd8 (
30... Kf8 31. Rh3 $40 {mit der Idee Rg3 oder Rf3}) 31. Rxc5 Qe4 32. Ke2 {
Ein wichtiger Umstand ist, dass der weiße König dank des starken Be3
schwarzfeldrig geschützt ist. Die schwarze Dame kann so zwar vereinzelte
Schachs geben, aber keinen richtigen Angriff inszenieren.} Qg4+ 33. Kd2 Rg8 $2
(33... f6 {ist der richtige Zug, um die Felder g5 und e5 unter Kontrolle zu
nehmen. Nach} 34. Rhc1 Qxg2 {erscheint mir die Lage nicht klar, z.B.} 35. Bd3 (
35. Rc7 $2 Qd5+ 36. Bd3 Ba6) 35... Ke7 36. Rc7+ Kd6 37. Rf7 Rc8 38. Bf4+ e5 39.
Rxf6+ Ke7 40. Bg5 Rxc1 41. Kxc1 Kd7 {und wahrscheinlich sollte die Partie mit
einem Unentschieden enden.}) 34. Rhc1 $18 {Jetzt ist die Partie um, denn es
droht sowohl 35.Rc7 als auch 35.Rg5.} Qe4 (34... f6 35. Rc7 $18) 35. Rg5 Ke7 (
35... Rg6 36. Rc4 Qb1 37. Rxg6 Qxg6 38. Bb6+ Ke7 39. Rc7+ Kf8 40. Rxb7 Qxg2 41.
Rb8+ $18) 36. Rxg8 Qd5+ 37. Bd3 Ba6 38. Bg5+ f6 39. Rc7+ Kd6 40. Bf4+ e5 41.
Rd8+ 1-0

[Event "EU-Cup 15th final"]
[Site "Bugojno"]
[Date "1999.10.30"]
[Round "2"]
[White "Beliavsky, Alexander G"]
[Black "Bacrot, Etienne"]
[Result "1-0"]
[WhiteElo "2618"]
[BlackElo "2592"]
[Annotator "Lutz,C"]
[PlyCount "115"]
[EventDate "1999.10.29"]
[EventType "team-k.o."]
[EventRounds "3"]
[EventCountry "BIH"]
[SourceTitle "EXT 2020"]
[Source "ChessBase"]
[SourceDate "2019.10.17"]
[SourceVersion "1"]
[SourceVersionDate "2019.10.17"]
[SourceQuality "1"]
[WhiteTeam "Zemun Agrouniverzal"]
[BlackTeam "Kiseljak"]
[WhiteTeamCountry "SRB"]
[BlackTeamCountry "BIH"]

1. d4 d5 2. c4 c6 3. Nf3 Nf6 4. Nc3 e6 5. Bg5 h6 6. Bh4 dxc4 7. e4 g5 8. Bg3 b5
9. Be2 Nbd7 $5 {Umgeht die Probleme nach 9...Bb7 10.h4!.} 10. d5 $5 {Will die
schwarze Zugumstellung ausnutzen.} (10. O-O Bb7 {führt zu der alten
Hauptvariante, die aus schwarzer Sicht nicht zu fürchten ist.}) 10... cxd5 $5 {
Dieser Zug ist der neue Favorit für Schwarz, da 10..b4 und 10...Bb7 nicht die
schwarzen Probleme lösen können.} (10... b4 $6 {1-0 Beliavsky,A-Bacrot,E/
Albert 1999/CBM 73/[Lutz] (17)}) (10... Bb7 $5 {0-1 Zhu Chen-Dreev,A/Shenyang
1999/CBM 73/[Lutz] (48)}) 11. exd5 Nb6 (11... Nc5 $5 12. Qd4 exd5 13. Nxd5 Qxd5
14. Qxf6 Rg8 (14... Nd3+ 15. Bxd3 Bb4+ 16. Kf1 Qxd3+ 17. Kg1 O-O 18. Be5 Qh7
19. h4 g4 20. Ng5 $18) 15. Rd1 Nd3+ 16. Bxd3 cxd3 17. O-O Bg7 18. Rxd3 Bxf6 (
18... Qxd3 $2 19. Re1+ Be6 20. Rxe6+ $18) 19. Rxd5 Kf8 20. Rxb5 Ba6 21. Rf5
Bxf1 22. Rxf6 Bc4 23. b3 Rd8 24. h4 Bd5 $13 {1-0 Vallejo Pons,F-Kundin,A/
Oropesa del Mar 1999/CBM 72 ext (59)}) 12. dxe6 (12. d6 $5 a6 13. Ne5 Qxd6 14.
Qc2 Qc5 15. Bf3 Nbd5 16. O-O-O Bg7 (16... Bb7 $5 {und Weiß muss die
Korrektheit seines doppelten Bauernopfers noch nachweisen.}) 17. Ng6 fxg6 18.
Qxg6+ Kf8 19. Rxd5 Qb6 (19... exd5 20. Nxd5 $40) 20. Rd6 Qb7 21. Rd8+ Ke7 22.
Qxg7+ Kxd8 23. Qxf6+ {1-0 Gofshtein,L-Velikov,P/Saint Quentin 1998/EXT 2000 
(23)}) 12... Bxe6 (12... Qxd1+ 13. Rxd1 Bxe6 14. Be5 Bg7 15. Nxb5 O-O 16. O-O
$14 {1/2-1/2 Bareev,E-Akopian,V/Las Vegas 1999/CBM 72 (77) Weiß hat Vorteil,
da Schwarz keine Kompensation für seine Bauernschwächen hat. Allerdings sind 
(im Gegensatz zur Hauptpartie) die Damen bereits vom Brett, was die
Verteidigung etwas erleichtert.}) 13. Nd4 $1 $146 (13. Nxb5 $6 {0-1
Solozhenkin,E-Riazantsev,A/St Petersburg 1999/CBM 74_02/[Lutz] (29) gewinnt
zwar den Bauern sofort zurück, lässt aber ein Läuferschach auf b4 zu.}) 13...
Bb4 (13... a6 {1-0 Solozhenkin,E-Alavkin,A/St Petersburg 1999/CBM 74_02/[Lutz]
(35) verteidigt den Bauern, handelt aber dafür andere Probleme ein.}) 14. O-O
O-O 15. Ncxb5 $16 {Weiß hat den Bauernzurückgewonnen, Schwarz bleiben nur
seine Schwächen.} Bd5 16. a4 $1 Ne4 17. a5 Nxg3 18. hxg3 a6 19. Nc3 Bxc3 20.
bxc3 Nd7 21. Nf5 Be6 22. Nxh6+ Kg7 23. Ng4 Bxg4 24. Bxg4 {Weiß hat einen
Mehrbauern und die bessere Leichtfigur.} Ne5 25. Qxd8 Raxd8 26. Bf5 Rd2 27.
Rfd1 Rfd8 28. Rxd2 Rxd2 29. Bc8 Rd6 30. Kf1 Nd3 31. Ra4 Nc1 32. Ke1 Nd3+ 33.
Ke2 Rc6 34. Bf5 Nc1+ 35. Ke3 Nb3 36. g4 Rc5 37. f3 Nxa5 {Jetzt ist materieller
Gleichstand, aber selbst das hilft dem Schwarzen nicht.} 38. Ra3 Rd5 39. Be4
Rb5 40. Ra2 Kf6 41. Kd4 Ke6 42. g3 Kd6 43. f4 gxf4 44. gxf4 f6 45. Rh2 Rc5 46.
Rh6 Nb3+ 47. Ke3 Ke7 48. Rh7+ Kf8 49. Bg6 Rc6 50. Ke4 a5 51. Rf7+ Kg8 52. Ra7
a4 53. Kf5 Nd4+ 54. cxd4 c3 55. d5 c2 56. dxc6 c1=Q 57. c7 Qc6 58. Bf7+ 1-0

[Event "MK Cafe Cup-A"]
[Site "Koszalin"]
[Date "1999.08.10"]
[Round "7"]
[White "Filippov, Valerij"]
[Black "Novikov, Igor A"]
[Result "0-1"]
[WhiteElo "2605"]
[BlackElo "2614"]
[Annotator "Lutz,C"]
[PlyCount "138"]
[EventDate "1999.08.03"]
[EventType "swiss"]
[EventRounds "9"]
[EventCountry "POL"]
[SourceTitle "CBM 073"]
[Source "ChessBase"]
[SourceDate "1999.12.01"]
[SourceVersion "1"]
[SourceVersionDate "1999.12.01"]
[SourceQuality "1"]

1. Nf3 d5 2. d4 Nf6 3. c4 e6 4. Nc3 c6 5. Bg5 h6 6. Bh4 dxc4 7. e4 g5 8. Bg3 b5
9. h4 $6 {I.Sokolovs Idee ist weniger effektiv als Khalifmans 9.Be2 Bb7 10.h4!}
Bb4 $146 (9... g4 10. Ne5 Bb4 {wurde in mehreren Partien mit gutem Erfolg für
Schwarz probiert.}) 10. hxg5 (10. Qc2 $5 g4 $5 11. Ne5 Qxd4) 10... Nxe4 11. Be5
Rf8 (11... Nxc3 12. bxc3 Bxc3+ 13. Ke2 Rf8 14. gxh6 {ist eine Zugumstellung})
12. gxh6 $1 {Andernfalls steht Weiß einfach schlecht.} (12. Qc2 Nxg5 {und Weiß
hat keinen Ersatz für den verlorenen Pe4.}) 12... Nxc3 13. bxc3 Bxc3+ 14. Ke2
f6 15. h7 Kd7 16. Rh6 $6 (16. Rc1 $5 Bb4 17. Rh6 fxe5 (17... Be7 18. Nh4 fxe5
19. Ng6) 18. dxe5+ Kc7 19. Qxd8+ Rxd8 20. h8=Q Rxh8 21. Rxh8 {und im Gegensatz
zur Partie hat Schwarz keinen Druck gegen e5.}) 16... fxe5 17. dxe5+ Kc7 18.
Qxd8+ Rxd8 19. Rc1 Bb2 20. Rc2 Ba1 21. h8=Q Rxh8 22. Rxh8 Nd7 {Das entstandene
Endspiel ist ziemlich unklar.} 23. Rc1 (23. Rh7 $5) 23... Bb2 24. Rb1 c3 25.
Kd1 a5 26. Kc2 a4 27. g4 b4 {Es droht 28...b3+ 29.axb3 a3 nebst ...a2-a1Q.} 28.
Rxb2 cxb2 29. Kxb2 Ra5 30. g5 Nxe5 31. Nxe5 Rxe5 32. g6 Rg5 33. Bd3 e5 34. a3
c5 35. Rh4 Bg4 36. Rh7+ Kd6 37. Rb7 Bf5 38. Bxf5 Rxf5 39. axb4 Rxf2+ 40. Ka3
cxb4+ 41. Kxa4 Rg2 42. g7 Rg4 43. Kb3 (43. g8=Q Rxg8 44. Kxb4 Rc8 $19) 43...
Kc5 44. Rc7+ Kd5 45. Rb7 Kd6 46. Rxb4 Rxg7 47. Kc3 $11 Rd7 48. Rb1 Ke6 49. Re1
Rd4 50. Kc2 Kf5 51. Rf1+ Ke4 52. Re1+ Kf4 53. Rf1+ Kg3 54. Kc3 Rd7 55. Re1 Kf4
56. Rf1+ Kg4 57. Re1 Kf5 58. Rh1 $2 {Ein Fehler bei der Eingabe ?} (58. Rf1+
$11) 58... Ke6 $2 (58... e4 $19) 59. Re1 Rd8 60. Kc2 $2 (60. Kc4 $11) 60... Kf5
$19 61. Rf1+ Kg4 62. Re1 Kf4 63. Rf1+ Kg3 64. Re1 Rd5 65. Rg1+ Kf3 66. Rg5 Kf4
67. Rh5 Kg4 68. Rh8 e4 69. Kc3 e3 0-1

[Event "ROM-ch"]
[Site "Bucharest"]
[Date "1998.12.17"]
[Round "9"]
[White "Itkis, Boris"]
[Black "Dumitrache, Dragos Nicolae"]
[Result "1/2-1/2"]
[WhiteElo "2465"]
[BlackElo "2420"]
[Annotator "Lutz,C"]
[PlyCount "107"]
[EventDate "1998.12.08"]
[EventType "tourn"]
[EventRounds "15"]
[EventCountry "ROU"]
[EventCategory "9"]
[SourceTitle "CBM 069"]
[Source "ChessBase"]
[SourceDate "1999.04.01"]
[SourceVersion "1"]
[SourceVersionDate "1999.04.01"]
[SourceQuality "1"]

1. d4 d5 2. c4 e6 3. Nc3 c6 4. Nf3 Nf6 5. Bg5 h6 6. Bh4 dxc4 7. e4 g5 8. Bg3 b5
9. h4 $5 {Die Idee von I.Sokolov. Mir scheint aber Khalifmans 9.Be2 Bb7 10.
h4!? genauer.} g4 10. Ne5 Bb4 11. f3 Bb7 (11... Nh5 $5 {0-1 Sokolov,
I-Thorhallsson,T/Reykjavik 1998/CBM 64/[Lutz] (55) Lutz}) 12. a3 Ba5 13. Nxg4
Nxg4 14. fxg4 c5 15. dxc5 Qxd1+ 16. Kxd1 Bxc3 17. bxc3 Nd7 18. Bd6 Rc8 19. a4
Nxc5 20. axb5 $2 (20. Bxc5 Rxc5 21. axb5 $11) 20... Nxe4 21. Be5 f6 22. Bd4 e5
23. Bxa7 Nxc3+ 24. Kc1 Nxb5 $17 25. Be3 Nd4 26. Ra7 Be4 27. Rh3 Rh7 28. Rxh7
Bxh7 29. Bxh6 c3 30. Bd3 Bxd3 31. Rxd3 Ra8 32. Kb1 c2+ 33. Kb2 Rb8+ 34. Kc3 Rb1
35. Rxd4 exd4+ 36. Kxc2 Rg1 37. Kd3 Kf7 38. g5 Kg6 39. Bf8 f5 40. Kxd4 Rxg2 41.
Ke3 Rg4 42. Kf3 Rxh4 43. Be7 Rh3+ 44. Kf4 Rh1 45. Bf6 Rg1 46. Kf3 Kh5 47. Kf2
Rb1 48. Kf3 Rf1+ 49. Kg2 Rd1 50. Kf3 Rd3+ 51. Kf4 Kg6 52. Be5 Ra3 53. Bf6 Ra8
54. Be7 {(..74)} 1/2-1/2